De la reforma a la transformación: Capacidades, innovaciones y regulación de la educación chilena

Guardat en:
Dades bibliogràfiques
Altres autors: Carrasco, Alejandro (Editor)
Format: Desconegut
Idioma:anglès
Publicat: Santiago, Chile. Ediciones UC, 2019
Col·lecció:Colección Estudios en Educación
Matèries:
Etiquetes: Afegir etiqueta
Sense etiquetes, Sigues el primer a etiquetar aquest registre!

MARC

LEADER 00000 a2200000 4500
003 CL-VaPUC
005 20211022120930.0
008 210422b ||||| |||| 00| 0 eng d
999 |c 432848  |d 432846 
020 |a 956-14-2389-3 
040 |c Pontificia Universidad Católica de Valparaíso 
082 |a 370.983 CAR 2019  |2 23 
100 |a Carrasco, Alejandro  |9 860669  |e editor 
245 |a De la reforma a la transformación:   |b Capacidades, innovaciones y regulación de la educación chilena 
260 |a Santiago, Chile.   |b Ediciones UC,  |c 2019 
300 |a 544 páginas  
490 |a Colección Estudios en Educación  
583 |k Cristina Rojas  |c 20210422 
650 |a Educación  |x Innovaciones educativas  |z Chile  |9 861697 
650 |a Reforma educacional  |z Chile  |9 861698 
650 |a Política educativa  |y Chile   |9 861699 
942 |2 ddc  |c BK  |n 0 
952 |0 0  |1 0  |2 ddc  |4 0  |6 370_983000000000000_CAR_2019  |7 0  |8 A  |9 578177  |a BIBHIS  |b BIBHIS  |d 2021-06-16  |e 3  |g 0.00  |i 5584930  |o 370.983 CAR 2019  |p 5584930  |r 2025-01-20  |t 1  |v 0.00  |w 2021-06-16  |y BK  |k HIS